Minhas 5 músicas mais marcantes por ano - Statistics

Estatísticas Gerais
  • Esse quiz foi jogado 6 vezes
    5 desde o último reset
  • A pontuação média é 10 de 55
Estatísticas das Respostas
Ano Resposta % Correto
2017 Despacito
60%
2016 Sorry
40%
2020 21
20%
2024 Am I Wrong
20%
2025 Canão Foi Tão Bom
20%
Antes de 2016 Cheerleader
20%
2018 Counting Stars
20%
2025 Curva da Ladeira
20%
2019 Death of a Bachelor
20%
2019 Emperor's New Clothes
20%
2018 God's Plan
20%
2019 Happier
20%
2017 Havana
20%
Antes de 2016 Hey Brother
20%
2019 High Hopes
20%
2017 I'm The One
20%
2022 INVEJOSO
20%
2019 I Write Sins Not Tragedies
20%
2025 Jamming
20%
2020 Lemonade
20%
2021 M4
20%
2021 Malvadão
20%
2023 MIA
20%
2017 New Rules
20%
2023 Novo Balanço
20%
2024 Pagodeiro 2
20%
Antes de 2016 Party Rock
20%
2022 Poesia Acústica 12
20%
2022 Poesia Acústica 13
20%
2023 Poesia Acústica 14
20%
2024 Poesia Acústica 16
20%
2022 Poesia Acústica 6
20%
2024 Pulseira de Berloque
20%
2024 Radiante
20%
2021 RAPSTAR
20%
2020 ROXANNE
20%
2025 Sobe e Desce
20%
2017 Starboy
20%
Antes de 2016 Sugar
20%
2020 The Box
20%
2023 Tití Mi Preguntó
20%
2023 unx100to
20%
2016 UpTown Funk
20%
2025 Vapor Barato
20%
2018 Waiting For Love
20%
2021 A Cara do Crime
0%
2022 Amor e Fé
0%
2016 Cheap Thrills
0%
2016 Closer
0%
2020 iSpy
0%
2021 Luxúria
0%
2016 Não Me Toca
0%
2018 Pouca Pausa
0%
2018 Tô de Pé
0%
Antes de 2016 Wake Me Up
0%
Nenhum quiz correspondente encontrado
Distribuição das Pontuações
Porcentagem de Pessoas com Cada Pontuação
Percentil de Números Respondidos
Sua Pontuação Histórica
Você não jogou esse quiz desde o último reset